000
00260nam a2200097Ia 4500
001
806538
005
20250826171213.0
008
250824s9999 xx 000 0 und d
245
0
_a
İTTİHAT TERAKKİNİN YEMİNSİZ KADINLARI
_c
SEMA OK
260
_b
DESTEK YAYINLARI
999
_c
806538
_d
806538